000
00281nam a2200121Ia 4500
008
220120s9999||||xx |||||||||||||| ||und||
020
_a
978-0-14-240938-1
082
_a
005.1 CIL
100
_a
Cilovks, Tondo, L
_9
11459
245
0
_a
C answar book
260
_b
U.S.A
300
_b
0
999
_c
136401
_d
136401